| 000 | 00793nam a2200205 a 4500 | ||
|---|---|---|---|
| 001 | 000023988 | ||
| 005 | 20240520190011.0 | ||
| 008 | 110118s1991 dr 000 0 spa d | ||
| 040 |
_aDO-SdBNP _bspa _cBNPHU |
||
| 082 |
_a277.93 _bF723s |
||
| 245 | 0 | 3 |
_aLa formación sacerdotal : _b28 meditaciones dominicanas del Papa Juan Pablo II, a la hora del Angelus, sobre la formación sacerdotal / _ceditor Rafael Bello Peguero. |
| 260 |
_aSanto Domingo : _bAmigo del Hogar, _c1991. |
||
| 300 |
_a126 p. ; _c21 cm. |
||
| 504 | _aIncluye referencias bibliográficas al pie de las páginas | ||
| 650 | 4 |
_aIglesia católica _zRepública Dominicana _92409 |
|
| 650 | 0 |
_aClero _919068 |
|
| 650 | 4 |
_aTeologías _xEnseñnzas _949324 |
|
| 700 | 1 |
_aBello Peguero, Rafael, _d1932-2022 _eed. _92405 |
|
| 049 | _aBNPD | ||
| 999 |
_c23483 _d23483 |
||